Les puissances de 3 en 1 minute - Statistiques

Statistiques générales
  • Ce quiz a été pris 92 fois
  • Le résultat moyen est 5 sur 11
Statistiques - réponses
Réponse % Correct
9
100%
3
94%
27
93%
81
70%
243
54%
729
49%
2 187
35%
6 561
23%
19 683
14%
59 049
7%
177 147
1%
Aucun quiz correspondant
Distribution des résultats
% des personnes avec chaque résultat
Percentile par nombre de réponses
Votre historique - résultats
Vous n’avez pas pris ce quiz